00832nam a2200205Ia 4500008004100000020002200041041000800063082001600071100001900087245006900106260004100175300002100216440000600237650001200243700001900255906000700274999001700281952016400298952016400462230125s9999 xx 000 0 und d a978-81-8495-402-9 aeng a646.72bRUI aRuia M9117050 aWho Stole My Cal Ries? : A Health & Fitness Novel Like No Other! c2017bJaico Publishing HouseaMumbai a217pcPaper Back v1 aGeneral aRuia M9117050 b27 c96026d96026 00104070aHIMRbHIMRd2019-02-13ePritam Book Centreg299.00i10771l0o646.72 RUI B18357pHIMR-BK-18357r2023-01-25 00:00:00v272.00w2018-02-12yBKzB18357 00104070aHIMRbHIMRd2019-03-06ePritam Book Centreg299.00i10783l0o646.72 RUI B18449pHIMR-BK-18449r2023-01-25 00:00:00v272.00w2019-03-05yBKzB18449